[Event "Storsjodraget 2022"]
[Site "Ostersund"]
[Date "2022.06.10"]
[Round "1"]
[Board "6"]
[White "Lilliehook, Victor"]
[Black "Lind, Jan-Olov"]
[Result "0-1"]
[WhiteElo "1648"]
[BlackElo "2169"]
[PlyCount "0"]
[EventDate "2022.06.10"]
[EventRounds "7"]
[EventCountry "SWE"]

1. e4 {[%clk 00:15:08]} {[%emt 00:00:01]} c5 {[%clk 00:15:09]} {[%emt
00:00:02]} 2. Nf3 {[%clk 00:15:11]} {[%emt 00:00:01]} g6 {[%clk 00:15:12]}
{[%emt 00:00:03]} 3. d4 {[%clk 00:15:13]} {[%emt 00:00:02]} cxd4 {[%clk
00:15:15]} {[%emt 00:00:02]} 4. Nxd4 {[%clk 00:15:15]} {[%emt 00:00:02]} Bg7
{[%clk 00:15:18]} {[%emt 00:00:03]} 5. Be3 {[%clk 00:15:10]} {[%emt 00:00:10]}
Nc6 {[%clk 00:15:20]} {[%emt 00:00:04]} 6. Bc4 {[%clk 00:15:03]} {[%emt
00:00:11]} Nf6 {[%clk 00:15:20]} {[%emt 00:00:06]} 7. Nc3 {[%clk 00:15:05]}
{[%emt 00:00:02]} O-O {[%clk 00:15:22]} {[%emt 00:00:03]} 8. O-O {[%clk
00:14:01]} {[%emt 00:01:09]} Nxe4 {[%clk 00:15:21]} {[%emt 00:00:06]} 9. Nxe4
{[%clk 00:13:42]} {[%emt 00:00:24]} d5 {[%clk 00:15:24]} {[%emt 00:00:02]} 10.
Bxd5 {[%clk 00:11:19]} {[%emt 00:02:29]} Qxd5 {[%clk 00:15:27]} {[%emt
00:00:02]} 11. Nc3 {[%clk 00:11:22]} {[%emt 00:00:01]} Qc4 {[%clk 00:14:34]}
{[%emt 00:00:58]} 12. Nxc6 {[%clk 00:09:52]} {[%emt 00:01:35]} bxc6 {[%clk
00:14:32]} {[%emt 00:00:07]} 13. Qd2 {[%clk 00:09:02]} {[%emt 00:00:55]} Ba6
{[%clk 00:14:25]} {[%emt 00:00:12]} 14. Rfd1 {[%clk 00:08:10]} {[%emt
00:00:57]} Rab8 {[%clk 00:12:46]} {[%emt 00:01:44]} 15. Rab1 {[%clk 00:07:30]}
{[%emt 00:00:46]} Rb7 {[%clk 00:12:21]} {[%emt 00:00:29]} 16. Bd4 {[%clk
00:07:09]} {[%emt 00:00:26]} Rd8 {[%clk 00:10:35]} {[%emt 00:01:52]} 17. b3
{[%clk 00:05:49]} {[%emt 00:01:25]} Qxd4 {[%clk 00:07:08]} {[%emt 00:03:31]} 18.
Qe1 {[%clk 00:03:25]} {[%emt 00:02:29]} Qb6 {[%clk 00:07:05]} {[%emt 00:00:08]}
19. Na4 {[%clk 00:03:07]} {[%emt 00:00:24]} Rxd1 {[%clk 00:06:43]} {[%emt
00:00:26]} 20. Rxd1 {[%clk 00:03:03]} {[%emt 00:00:09]} Qc7 {[%clk 00:06:44]}
{[%emt 00:00:03]} 21. Nc5 {[%clk 00:02:42]} {[%emt 00:00:27]} Qb6 {[%clk
00:05:05]} {[%emt 00:01:44]} 22. Nxb7 {[%clk 00:02:17]} {[%emt 00:00:30]} Qxb7
{[%clk 00:04:57]} {[%emt 00:00:13]} 23. Rd8+ {[%clk 00:01:18]} {[%emt
00:01:04]} Bf8 {[%clk 00:05:00]} {[%emt 00:00:02]} 24. Qe5 {[%clk 00:00:47]}
{[%emt 00:00:36]} f6 {[%clk 00:04:08]} {[%emt 00:00:58]} 25. Qb8 {[%clk
00:00:38]} {[%emt 00:00:13]} Qxb8 {[%clk 00:04:00]} {[%emt 00:00:14]} 26. Rxb8
{[%clk 00:00:42]} {[%emt 00:00:01]} Kf7 {[%clk 00:03:34]} {[%emt 00:00:30]} 27.
Ra8 {[%clk 00:00:44]} {[%emt 00:00:03]} Be2 {[%clk 00:03:19]} {[%emt 00:00:21]}
28. Rxa7 {[%clk 00:00:45]} {[%emt 00:00:03]} Ke8 {[%clk 00:03:07]} {[%emt
00:00:17]} 29. Rc7 {[%clk 00:00:42]} {[%emt 00:00:08]} e5 {[%clk 00:03:03]}
{[%emt 00:00:09]} 30. Rxc6 {[%clk 00:00:45]} {[%emt 00:00:03]} Be7 {[%clk
00:03:02]} {[%emt 00:00:05]} 31. a4 {[%clk 00:00:46]} {[%emt 00:00:05]} Kd7
{[%clk 00:03:06]} {[%emt 00:00:01]} 32. Rc3 {[%clk 00:00:36]} {[%emt 00:00:15]}
Ba6 {[%clk 00:02:57]} {[%emt 00:00:13]} 33. Rh3 {[%clk 00:00:31]} {[%emt
00:00:09]} h5 {[%clk 00:02:58]} {[%emt 00:00:05]} 34. Rc3 {[%clk 00:00:30]}
{[%emt 00:00:07]} f5 {[%clk 00:03:00]} {[%emt 00:00:03]} 35. f3 {[%clk
00:00:28]} {[%emt 00:00:07]} Bb4 {[%clk 00:02:59]} {[%emt 00:00:05]} 36. Re3
{[%clk 00:00:12]} {[%emt 00:00:21]} Bc5 {[%clk 00:03:03]} {[%emt 00:00:02]} 37.
Kf2 {[%clk 00:00:13]} {[%emt 00:00:04]} f4 {[%clk 00:03:07]} {[%emt 00:00:01]}
0-1

[Event "Storsjodraget 2022"]
[Site "Ostersund"]
[Date "2022.06.10"]
[Round "2"]
[Board "10"]
[White "Bohman Karlholm, Adrian"]
[Black "Helin, Mikael"]
[Result "1-0"]
[WhiteElo "2089"]
[BlackElo "1751"]
[PlyCount "0"]
[EventDate "2022.06.10"]
[EventRounds "7"]
[EventCountry "SWE"]

1. d4 {[%clk 00:15:07]} {[%emt 00:00:01]} d6 {[%clk 00:15:05]} {[%emt
00:00:06]} 2. Nf3 {[%clk 00:15:10]} {[%emt 00:00:02]} Nc6 {[%clk 00:15:06]}
{[%emt 00:00:05]} 3. g3 {[%clk 00:14:46]} {[%emt 00:00:28]} g6 {[%clk
00:15:10]} {[%emt 00:00:01]} 4. Bg2 {[%clk 00:14:48]} {[%emt 00:00:03]} Bg7
{[%clk 00:15:14]} {[%emt 00:00:02]} 5. O-O {[%clk 00:14:43]} {[%emt 00:00:09]}
Nf6 {[%clk 00:15:04]} {[%emt 00:00:15]} 6. c4 {[%clk 00:14:38]} {[%emt
00:00:10]} h6 {[%clk 00:15:02]} {[%emt 00:00:08]} 7. d5 {[%clk 00:14:25]}
{[%emt 00:00:17]} Nb8 {[%clk 00:15:04]} {[%emt 00:00:03]} 8. Nc3 {[%clk
00:14:26]} {[%emt 00:00:04]} a5 {[%clk 00:15:08]} {[%emt 00:00:02]} 9. Be3
{[%clk 00:14:05]} {[%emt 00:00:25]} O-O {[%clk 00:15:05]} {[%emt 00:00:08]} 10.
Bd4 {[%clk 00:13:44]} {[%emt 00:00:25]} Nbd7 {[%clk 00:14:55]} {[%emt
00:00:16]} 11. e4 {[%clk 00:13:14]} {[%emt 00:00:34]} e5 {[%clk 00:14:09]}
{[%emt 00:00:53]} 12. dxe6 {[%clk 00:13:04]} {[%emt 00:00:14]} fxe6 {[%clk
00:14:13]} {[%emt 00:00:02]} 13. e5 {[%clk 00:12:48]} {[%emt 00:00:20]} Ne8
{[%clk 00:13:02]} {[%emt 00:01:17]} 14. exd6 {[%clk 00:12:31]} {[%emt
00:00:22]} e5 {[%clk 00:12:42]} {[%emt 00:00:25]} 15. dxc7 {[%clk 00:11:37]}
{[%emt 00:00:59]} Qxc7 {[%clk 00:11:46]} {[%emt 00:01:01]} 16. Be3 {[%clk
00:11:07]} {[%emt 00:00:35]} Qxc4 {[%clk 00:11:18]} {[%emt 00:00:33]} 17. Nxe5
{[%clk 00:11:01]} {[%emt 00:00:11]} Nxe5 {[%clk 00:10:34]} {[%emt 00:00:49]} 18.
Bd5+ {[%clk 00:11:03]} {[%emt 00:00:03]} Be6 {[%clk 00:10:37]} 19. Bxc4 {[%clk
00:11:04]} {[%emt 00:00:06]} Bxc4 {[%clk 00:10:40]} {[%emt 00:00:02]} 20. f4
{[%clk 00:09:43]} {[%emt 00:01:26]} Nc7 {[%clk 00:09:01]} {[%emt 00:01:44]} 21.
Qd6 {[%clk 00:08:23]} {[%emt 00:01:24]} Ne8 {[%clk 00:07:04]} {[%emt 00:02:03]}
22. Qc5 {[%clk 00:07:10]} {[%emt 00:01:18]} Bxf1 {[%clk 00:06:07]} {[%emt
00:01:02]} 23. fxe5 {[%clk 00:06:04]} {[%emt 00:01:11]} Bh3 {[%clk 00:05:40]}
{[%emt 00:00:32]} 24. Re1 {[%clk 00:05:50]} {[%emt 00:00:19]} Rc8 {[%clk
00:05:16]} {[%emt 00:00:29]} 25. Qxa5 {[%clk 00:05:39]} {[%emt 00:00:17]} Nc7
{[%clk 00:04:31]} {[%emt 00:00:49]} 26. Nd5 {[%clk 00:05:30]} {[%emt 00:00:14]}
Nxd5 {[%clk 00:03:42]} {[%emt 00:00:54]} 27. Qxd5+ {[%clk 00:05:33]} {[%emt
00:00:02]} Kh7 {[%clk 00:03:47]} 28. Qxb7 {[%clk 00:03:42]} {[%emt 00:07:04]}
Rc2 {[%clk 00:03:42]} {[%emt 00:00:10]} 29. Bf4 {[%clk 00:02:14]} {[%emt
00:01:35]} Kh8 {[%clk 00:02:27]} {[%emt 00:01:18]} 30. e6 {[%clk 00:02:04]}
{[%emt 00:00:15]} Re8 {[%clk 00:01:11]} {[%emt 00:01:21]} 31. Qf7 {[%clk
00:01:42]} {[%emt 00:00:28]} Bd4+ {[%clk 00:00:59]} {[%emt 00:00:18]} 32. Be3
{[%clk 00:01:07]} {[%emt 00:00:39]} Bxe3+ {[%clk 00:00:39]} {[%emt 00:00:25]}
33. Rxe3 {[%clk 00:01:10]} {[%emt 00:00:02]} Rxe6 {[%clk 00:00:26]} {[%emt
00:00:19]} 34. Qxe6 {[%clk 00:00:36]} {[%emt 00:00:39]} Bxe6 {[%clk 00:00:22]}
{[%emt 00:00:08]} 35. Rxe6 {[%clk 00:00:40]} {[%emt 00:00:01]} Kg7 {[%clk
00:00:26]} {[%emt 00:00:02]} 36. Rb6 {[%clk 00:00:40]} {[%emt 00:00:04]} g5
{[%clk 00:00:22]} {[%emt 00:00:09]} 37. a4 {[%clk 00:00:43]} {[%emt 00:00:03]}
h5 {[%clk 00:00:22]} {[%emt 00:00:05]} 38. a5 {[%clk 00:00:41]} {[%emt
00:00:07]} g4 {[%clk 00:00:25]} {[%emt 00:00:01]} 39. a6 {[%clk 00:00:39]}
{[%emt 00:00:08]} Rc1+ {[%clk 00:00:29]} 40. Kf2 {[%clk 00:00:39]} {[%emt
00:00:03]} Ra1 {[%clk 00:00:33]} 41. b4 {[%clk 00:00:37]} {[%emt 00:00:09]} Kf7
{[%clk 00:00:24]} {[%emt 00:00:14]} 42. b5 {[%clk 00:00:40]} {[%emt 00:00:01]}
Ke7 {[%clk 00:00:24]} {[%emt 00:00:05]} 43. Rb7+ {[%clk 00:00:42]} {[%emt
00:00:03]} Kd6 {[%clk 00:00:28]} {[%emt 00:00:02]} 44. a7 {[%clk 00:00:43]}
{[%emt 00:00:04]} Kc5 {[%clk 00:00:29]} {[%emt 00:00:05]} 45. b6 {[%clk
00:00:46]} {[%emt 00:00:01]} Kd4 {[%clk 00:00:33]} {[%emt 00:00:01]} 46. Rb8
{[%clk 00:00:38]} {[%emt 00:00:13]} Ra2+ {[%clk 00:00:34]} {[%emt 00:00:05]} 47.
Ke1 {[%clk 00:00:41]} {[%emt 00:00:02]} Ke3 {[%clk 00:00:09]} {[%emt 00:00:30]}
48. Re8+ {[%clk 00:00:43]} {[%emt 00:00:01]} Kf3 {[%clk 00:00:10]} {[%emt
00:00:05]} 49. a8=Q+ {[%emt 00:00:03]} Ke4 {[%emt 00:00:11]}  1-0

[Event "Storsjodraget 2022"]
[Site "Ostersund"]
[Date "2022.06.10"]
[Round "1"]
[Board "7"]
[White "Malmdin, Nils-Ake"]
[Black "Sandstad, Linus"]
[Result "1-0"]
[WhiteElo "2149"]
[BlackElo "1642"]
[PlyCount "0"]
[EventDate "2022.06.10"]
[EventRounds "7"]
[EventCountry "SWE"]

1. e4 {[%clk 00:15:05]} {[%emt 00:00:04]} c5 {[%clk 00:15:09]} {[%emt
00:00:03]} 2. Nc3 {[%clk 00:15:06]} {[%emt 00:00:03]} Nc6 {[%clk 00:15:11]}
{[%emt 00:00:04]} 3. f4 {[%clk 00:15:07]} {[%emt 00:00:02]} g6 {[%clk
00:15:13]} {[%emt 00:00:04]} 4. Nf3 {[%clk 00:15:05]} {[%emt 00:00:06]} Bg7
{[%clk 00:15:16]} {[%emt 00:00:02]} 5. Bb5 {[%clk 00:15:05]} {[%emt 00:00:05]}
Nd4 {[%clk 00:15:19]} {[%emt 00:00:04]} 6. O-O {[%clk 00:14:56]} {[%emt
00:00:13]} a6 {[%clk 00:15:22]} {[%emt 00:00:03]} 7. Bc4 {[%clk 00:14:38]}
{[%emt 00:00:21]} e6 {[%clk 00:15:19]} {[%emt 00:00:09]} 8. a4 {[%clk
00:14:38]} {[%emt 00:00:05]} Ne7 {[%clk 00:15:07]} {[%emt 00:00:17]} 9. d3
{[%clk 00:14:11]} {[%emt 00:00:31]} O-O {[%clk 00:14:59]} {[%emt 00:00:14]} 10.
Kh1 {[%clk 00:13:44]} {[%emt 00:00:31]} d5 {[%clk 00:14:53]} {[%emt 00:00:12]}
11. Ba2 {[%clk 00:13:30]} {[%emt 00:00:18]} b5 {[%clk 00:14:09]} {[%emt
00:00:50]} 12. axb5 {[%clk 00:12:59]} {[%emt 00:00:35]} Nxf3 {[%clk 00:13:08]}
{[%emt 00:01:07]} 13. Qxf3 {[%clk 00:12:25]} {[%emt 00:00:39]} d4 {[%clk
00:12:46]} {[%emt 00:00:28]} 14. Na4 {[%clk 00:11:18]} {[%emt 00:01:11]} Qc7
{[%clk 00:09:49]} {[%emt 00:03:02]} 15. b6 {[%clk 00:10:49]} {[%emt 00:00:34]}
Qc6 {[%clk 00:09:03]} {[%emt 00:00:52]} 16. Bb3 {[%clk 00:10:07]} {[%emt
00:00:46]} Bd7 {[%clk 00:08:11]} {[%emt 00:00:57]} 17. Bd2 {[%clk 00:08:56]}
{[%emt 00:01:15]} Rfc8 {[%clk 00:07:43]} {[%emt 00:00:33]} 18. Bc4 {[%clk
00:08:27]} {[%emt 00:00:35]} Qb7 {[%clk 00:07:18]} {[%emt 00:00:30]} 19. b3
{[%clk 00:08:04]} {[%emt 00:00:28]} Bxa4 {[%clk 00:05:59]} {[%emt 00:01:24]} 20.
Rxa4 {[%clk 00:08:06]} {[%emt 00:00:03]} Nc6 {[%clk 00:04:42]} {[%emt
00:01:22]} 21. Rfa1 {[%clk 00:07:49]} {[%emt 00:00:21]} a5 {[%clk 00:04:17]}
{[%emt 00:00:31]} 22. Bxa5 {[%clk 00:07:20]} {[%emt 00:00:33]} Nxa5 {[%clk
00:04:21]} {[%emt 00:00:02]} 23. Rxa5 {[%clk 00:07:24]} {[%emt 00:00:02]} Rxa5
{[%clk 00:04:24]} 24. Rxa5 {[%clk 00:07:27]} {[%emt 00:00:02]} Qxb6 {[%clk
00:04:28]} {[%emt 00:00:01]} 25. Ra1 {[%clk 00:07:19]} {[%emt 00:00:13]} Qb4
{[%clk 00:04:06]} {[%emt 00:00:27]} 26. f5 {[%clk 00:07:00]} {[%emt 00:00:23]}
Qc3 {[%clk 00:03:48]} {[%emt 00:00:23]} 27. Rf1 {[%clk 00:06:59]} {[%emt
00:00:05]} gxf5 {[%clk 00:01:49]} {[%emt 00:02:06]} 28. exf5 {[%clk 00:06:59]}
{[%emt 00:00:04]} e5 {[%clk 00:01:34]} {[%emt 00:00:21]} 29. f6 {[%clk
00:06:58]} {[%emt 00:00:05]}  1-0

[Event "Storsjodraget 2022"]
[Site "Ostersund"]
[Date "2022.06.10"]
[Round "1"]
[Board "8"]
[White "Romundstad, Lars"]
[Black "Sundin, Emanuel"]
[Result "0-1"]
[WhiteElo "1639"]
[BlackElo "2138"]
[PlyCount "0"]
[EventDate "2022.06.10"]
[EventRounds "7"]
[EventCountry "SWE"]

1. e4 {[%clk 00:14:59]} {[%emt 00:00:11]} c5 {[%clk 00:15:06]} {[%emt
00:00:04]} 2. Nf3 {[%clk 00:15:00]} {[%emt 00:00:03]} g6 {[%clk 00:15:06]}
{[%emt 00:00:06]} 3. Bc4 {[%clk 00:14:53]} {[%emt 00:00:13]} Bg7 {[%clk
00:14:58]} {[%emt 00:00:12]} 4. Nc3 {[%clk 00:14:50]} {[%emt 00:00:07]} e6
{[%clk 00:14:46]} {[%emt 00:00:18]} 5. d3 {[%clk 00:14:12]} {[%emt 00:00:43]}
Ne7 {[%clk 00:14:34]} {[%emt 00:00:16]} 6. O-O {[%clk 00:14:14]} {[%emt
00:00:04]} O-O {[%clk 00:14:32]} {[%emt 00:00:06]} 7. Bg5 {[%clk 00:14:05]}
{[%emt 00:00:15]} Nbc6 {[%clk 00:14:07]} {[%emt 00:00:30]} 8. Qd2 {[%clk
00:13:39]} {[%emt 00:00:32]} a6 {[%clk 00:13:18]} {[%emt 00:00:54]} 9. a4
{[%clk 00:13:19]} {[%emt 00:00:25]} Re8 {[%clk 00:12:39]} {[%emt 00:00:43]} 10.
Rfe1 {[%clk 00:13:04]} {[%emt 00:00:19]} Qc7 {[%clk 00:11:31]} {[%emt
00:01:13]} 11. Bf4 {[%clk 00:11:20]} {[%emt 00:01:49]} d6 {[%clk 00:10:56]}
{[%emt 00:00:41]} 12. h3 {[%clk 00:10:51]} {[%emt 00:00:33]} Bd7 {[%clk
00:10:25]} {[%emt 00:00:36]} 13. Bh2 {[%clk 00:09:47]} {[%emt 00:01:10]} Nd4
{[%clk 00:08:49]} {[%emt 00:01:40]} 14. Nxd4 {[%clk 00:09:31]} {[%emt
00:00:21]} cxd4 {[%clk 00:08:42]} {[%emt 00:00:12]} 15. Ne2 {[%clk 00:09:04]}
{[%emt 00:00:32]} b5 {[%clk 00:08:16]} {[%emt 00:00:32]} 16. axb5 {[%clk
00:09:01]} {[%emt 00:00:09]} axb5 {[%clk 00:08:18]} {[%emt 00:00:02]} 17. Bb3
{[%clk 00:09:02]} {[%emt 00:00:03]} Qc5 {[%clk 00:07:24]} {[%emt 00:00:59]} 18.
Qf4 {[%clk 00:08:31]} {[%emt 00:00:36]} Be5 {[%clk 00:06:56]} {[%emt 00:00:33]}
19. Qh4 {[%clk 00:08:18]} {[%emt 00:00:18]} Bxh2+ {[%clk 00:06:21]} {[%emt
00:00:41]} 20. Kxh2 {[%clk 00:08:20]} {[%emt 00:00:02]} Kg7 {[%clk 00:06:03]}
{[%emt 00:00:23]} 21. Rxa8 {[%clk 00:08:21]} {[%emt 00:00:05]} Rxa8 {[%clk
00:06:04]} {[%emt 00:00:03]} 22. Qxe7 {[%clk 00:08:22]} {[%emt 00:00:04]} Ra7
{[%clk 00:05:26]} {[%emt 00:00:44]} 23. Qh4 {[%clk 00:08:18]} {[%emt 00:00:08]}
h6 {[%clk 00:04:50]} {[%emt 00:00:41]} 24. Kg1 {[%clk 00:08:13]} {[%emt
00:00:10]} Bc6 {[%clk 00:04:48]} {[%emt 00:00:08]} 25. Qg3 {[%clk 00:08:06]}
{[%emt 00:00:12]} b4 {[%clk 00:04:26]} {[%emt 00:00:27]} 26. Kh2 {[%clk
00:07:51]} {[%emt 00:00:20]} Ra5 {[%clk 00:04:30]} {[%emt 00:00:01]} 27. Nf4
{[%clk 00:07:47]} {[%emt 00:00:08]} Bd7 {[%clk 00:04:04]} {[%emt 00:00:32]} 28.
Ne2 {[%clk 00:07:38]} {[%emt 00:00:13]} Qb6 {[%clk 00:03:47]} {[%emt 00:00:23]}
29. f4 {[%clk 00:07:34]} {[%emt 00:00:08]} g5 {[%clk 00:03:35]} {[%emt
00:00:17]} 30. Rf1 {[%clk 00:07:27]} {[%emt 00:00:13]} f6 {[%clk 00:03:31]}
{[%emt 00:00:09]} 31. fxg5 {[%clk 00:06:25]} {[%emt 00:01:07]} hxg5 {[%clk
00:02:45]} {[%emt 00:00:51]} 32. Qf2 {[%clk 00:06:28]} {[%emt 00:00:02]} Qd8
{[%clk 00:02:17]} {[%emt 00:00:32]} 33. Nxd4 {[%clk 00:06:23]} {[%emt
00:00:10]} Qe7 {[%clk 00:02:06]} {[%emt 00:00:16]} 34. Qd2 {[%clk 00:06:03]}
{[%emt 00:00:28]} d5 {[%clk 00:01:07]} {[%emt 00:01:12]} 35. exd5 {[%clk
00:05:40]} {[%emt 00:00:28]} exd5 {[%clk 00:01:10]} {[%emt 00:00:01]} 36. Qf2
{[%clk 00:05:22]} {[%emt 00:00:23]} Qe5+ {[%clk 00:01:01]} {[%emt 00:00:15]} 37.
Kg1 {[%clk 00:05:23]} {[%emt 00:00:04]} Ra6 {[%clk 00:00:55]} {[%emt 00:00:11]}
38. Nf3 {[%clk 00:04:57]} {[%emt 00:00:31]} Qf4 {[%clk 00:00:28]} {[%emt
00:00:31]} 39. Qd4 {[%clk 00:04:41]} {[%emt 00:00:20]} Qg3 {[%clk 00:00:23]}
{[%emt 00:00:11]} 40. Qf2 {[%clk 00:04:03]} {[%emt 00:00:43]} Qf4 {[%clk
00:00:18]} {[%emt 00:00:10]} 41. Nd4 {[%clk 00:04:03]} {[%emt 00:00:05]} Qe5
{[%clk 00:00:22]} {[%emt 00:00:02]} 42. Nf5+ {[%clk 00:04:06]} {[%emt
00:00:02]} Kh7 {[%clk 00:00:25]} {[%emt 00:00:02]} 43. Qd4 {[%clk 00:03:48]}
{[%emt 00:00:18]} Qe8 {[%clk 00:00:07]} {[%emt 00:00:28]} 44. Qxd5 {[%clk
00:03:21]} {[%emt 00:00:31]} Be6 {[%clk 00:00:08]} {[%emt 00:00:05]} 45. Qe4
{[%clk 00:03:20]} {[%emt 00:00:05]} Qc8 {[%clk 00:00:07]} {[%emt 00:00:06]} 46.
Bxe6 {[%clk 00:02:52]} {[%emt 00:00:33]} Rxe6 {[%clk 00:00:11]} {[%emt
00:00:02]} 47. Nd4+ {[%clk 00:02:53]} {[%emt 00:00:04]} Rxe4 {[%clk 00:00:14]}
{[%emt 00:00:02]} 48. dxe4 {[%clk 00:02:43]} {[%emt 00:00:14]} Qc5 {[%clk
00:00:18]} {[%emt 00:00:02]} 49. Rd1 {[%clk 00:02:43]} {[%emt 00:00:05]} Kg6
{[%clk 00:00:20]} {[%emt 00:00:03]} 50. Kf2 {[%clk 00:02:35]} {[%emt 00:00:12]}
Qe5 {[%clk 00:00:25]} {[%emt 00:00:01]} 51. Kf3 {[%clk 00:02:31]} {[%emt
00:00:09]} Qf4+ {[%clk 00:00:27]} {[%emt 00:00:02]} 52. Ke2 {[%clk 00:02:29]}
{[%emt 00:00:08]} Qxe4+ {[%clk 00:00:31]} {[%emt 00:00:01]} 53. Kf2 {[%clk
00:02:32]} {[%emt 00:00:02]} Qf4+ {[%clk 00:00:32]} {[%emt 00:00:04]} 54. Nf3
{[%clk 00:02:26]} {[%emt 00:00:11]} Qc4 {[%clk 00:00:29]} {[%emt 00:00:07]} 55.
Rd2 {[%clk 00:02:28]} {[%emt 00:00:03]} Qc5+ {[%clk 00:00:29]} {[%emt
00:00:06]} 56. Kf1 {[%clk 00:02:31]} {[%emt 00:00:02]} Qc4+ {[%clk 00:00:17]}
{[%emt 00:00:17]} 57. Kg1 {[%clk 00:02:32]} {[%emt 00:00:04]} Qa2 {[%clk
00:00:21]} {[%emt 00:00:01]} 58. b3 {[%clk 00:02:34]} {[%emt 00:00:02]} Qa7+
{[%clk 00:00:22]} {[%emt 00:00:04]} 59. Kh1 {[%clk 00:02:38]} {[%emt 00:00:02]}
Qe3 {[%clk 00:00:19]} {[%emt 00:00:08]} 60. Kh2 {[%clk 00:02:39]} {[%emt
00:00:04]} Qf4+ {[%clk 00:00:18]} {[%emt 00:00:07]} 61. Kg1 {[%clk 00:02:43]}
{[%emt 00:00:01]} f5 {[%clk 00:00:10]} {[%emt 00:00:12]} 62. Re2 {[%clk
00:02:22]} {[%emt 00:00:25]} Qc1+ {[%clk 00:00:09]} {[%emt 00:00:07]} 63. Kh2
{[%clk 00:02:25]} {[%emt 00:00:02]} Qf4+ {[%clk 00:00:12]} {[%emt 00:00:02]} 64.
Kg1 {[%clk 00:02:29]} Kh5 {[%clk 00:00:16]} {[%emt 00:00:01]} 65. Kh1 {[%clk
00:02:32]} {[%emt 00:00:02]} g4 {[%clk 00:00:16]} {[%emt 00:00:05]} 66. Ng1
{[%clk 00:02:24]} {[%emt 00:00:12]} Qd4 {[%clk 00:00:11]} {[%emt 00:00:10]} 67.
Kh2 {[%clk 00:01:54]} {[%emt 00:00:36]} Qd6+ {[%clk 00:00:11]} {[%emt
00:00:05]} 68. Kh1 {[%clk 00:01:58]} {[%emt 00:00:01]} Qd5 {[%clk 00:00:15]}
{[%emt 00:00:01]} 69. Kh2 {[%clk 00:02:02]} {[%emt 00:00:01]} Kg5 {[%clk
00:00:13]} {[%emt 00:00:07]} 70. Kh1 {[%clk 00:02:02]} {[%emt 00:00:05]} Qc6
{[%clk 00:00:08]} {[%emt 00:00:09]} 71. Kh2 {[%clk 00:02:05]} {[%emt 00:00:02]}
Qc7+ {[%clk 00:00:09]} {[%emt 00:00:05]} 72. Kh1 {[%clk 00:02:09]} {[%emt
00:00:01]} f4 {[%clk 00:00:07]} {[%emt 00:00:07]} 73. hxg4 {[%clk 00:02:02]}
{[%emt 00:00:12]} Kxg4 {[%clk 00:00:10]} {[%emt 00:00:02]} 74. Nf3 {[%clk
00:01:47]} {[%emt 00:00:20]} Qd6 {[%clk 00:00:07]} {[%emt 00:00:08]} 75. Rd2
{[%clk 00:01:45]} {[%emt 00:00:07]} Qc5 {[%clk 00:00:07]} {[%emt 00:00:05]} 76.
Re2 {[%clk 00:01:36]} {[%emt 00:00:13]} Kg3 {[%clk 00:00:08]} {[%emt 00:00:05]}
77. Rd2 {[%clk 00:01:35]} {[%emt 00:00:05]} Qe7 {[%clk 00:00:08]} {[%emt
00:00:05]} 78. Kg1 {[%clk 00:01:34]} {[%emt 00:00:06]} Qe3+ {[%clk 00:00:12]}
{[%emt 00:00:02]} 79. Kh1 {[%clk 00:01:37]} {[%emt 00:00:02]} Qa7 {[%clk
00:00:11]} {[%emt 00:00:06]} 80. Re2 {[%clk 00:01:33]} {[%emt 00:00:09]} Qa1+
{[%clk 00:00:09]} {[%emt 00:00:07]} 81. Ne1 {[%clk 00:00:41]} {[%emt 00:00:57]}
Qh8+ {[%clk 00:00:10]} {[%emt 00:00:04]} 82. Kg1 {[%clk 00:00:46]} Qh2+ {[%clk
00:00:11]} {[%emt 00:00:04]}  0-1